[Event "San Francisco TNM Fall op"]
[Site "San Francisco"]
[Date "2011.11.15"]
[Round "5"]
[White "Karas, Nicholas"]
[Black "Ganesh, Vikram"]
[Result "1/2-1/2"]
[WhiteElo "2103"]
[BlackElo "1787"]
[PlyCount "94"]
[EventDate "2011.10.18"]
[EventType "swiss"]
[EventRounds "9"]
[EventCountry "USA"]
[SourceTitle "EXT 2016"]
[Source "ChessBase"]
[SourceDate "2015.10.08"]
[SourceVersion "1"]
[SourceVersionDate "2015.10.08"]
[SourceQuality "1"]

1. e4 c6 2. d4 d5 3. exd5 cxd5 4. c4 Nf6 5. Nc3 Nc6 6. Nf3 Bg4 7. cxd5 Nxd5 8. Bc4 e6 9. 0-0 Be7 10. Re1 0-0 11. Be3 Nb6 12. Bd3 Nb4 13. Be2 Bf5 14. Rc1 Rc8 15. a3 N4d5 16. Qb3 Qd7 17. Ne5 Qd6 18. Nb5 Qb8 19. a4 Rfd8 20. a5 Rxc1 21. Rxc1 Nd7 22. Nd3 a6 23. Na3 Nxe3 24. fxe3 Bd6 25. h3 Be4 26. Ne1 Nf6 27. Bf3 Bh2+ 28. Kf1 Qg3 29. Nc4 g5 30. Ne5 h5 31. Nxf7 Rf8 32. Ne5 Nd5 33. Nd7 Rf5 34. Rc8+ Kg7 35. Nc5 Bxf3 36. Nxe6+ Kf6 37. Rf8+ Kxe6 38. Rxf5 Kxf5 39. Nxf3 Nf6 40. Qxb7 Qc7 41. Qxa6 Qc1+ 42. Ke2 Qc2+ 43. Nd2 Ne4 44. Qb5+ Kf6 45. Qb6+ Kf5 46. Qb4 Ng3+ 47. Kf2 Ne4+ 1/2-1/2

[Event "San Francisco TNM Fall op"]
[Site "San Francisco"]
[Date "2011.11.08"]
[Round "4"]
[White "Todortsev, Victor"]
[Black "Karas, Nicholas"]
[Result "1-0"]
[WhiteElo "1938"]
[BlackElo "2103"]
[PlyCount "103"]
[EventDate "2011.10.18"]
[EventType "swiss"]
[EventRounds "9"]
[EventCountry "USA"]
[SourceTitle "EXT 2016"]
[Source "ChessBase"]
[SourceDate "2015.10.08"]
[SourceVersion "1"]
[SourceVersionDate "2015.10.08"]
[SourceQuality "1"]

1. e4 c5 2. Nf3 d6 3. d4 cxd4 4. Nxd4 Nf6 5. Nc3 a6 6. a4 e5 7. Nf3 Qc7 8. Be2 Be7 9. 0-0 0-0 10. Bg5 Nbd7 11. Qd2 b6 12. Rfe1 Bb7 13. Bf1 Rac8 14. Rad1 Qb8 15. Nh4 g6 16. Re3 Rxc3 17. bxc3 Nxe4 18. Rxe4 Bxg5 19. Qxg5 Bxe4 20. Qe7 Bxc2 21. Rxd6 Bxa4 22. Rxd7 Bxd7 23. Qxd7 Qd8 24. Qg4 b5 25. Nf5 Kh8 26. Ne3 f5 27. Qb4 Rf6 28. c4 bxc4 29. Nxc4 Qc7 30. g3 Kg7 31. Qd2 h6 32. Qd5 e4 33. h4 Qf7 34. Qd4 Kh7 35. Ne5 Qg7 36. Bc4 Qe7 37. Qd5 Rf8 38. h5 gxh5 39. Nd7 Rd8 40. Qxf5+ Kg7 41. Be6 Kh8 42. Ne5 Rd1+ 43. Kg2 Qe8 44. Qf6+ Kh7 45. Bf7 Qf8 46. Bg6+ Kg8 47. Bh7+ Kxh7 48. Qxf8 Rd6 49. Qxd6 Kg7 50. Qe7+ Kh8 51. Qf7 e3 52. Ng6# 1-0

[Event "San Francisco TNM Fall op"]
[Site "San Francisco"]
[Date "2011.11.01"]
[Round "3"]
[White "Karas, Nicholas"]
[Black "Lee, Andy C"]
[Result "0-1"]
[WhiteElo "2103"]
[BlackElo "2266"]
[PlyCount "118"]
[EventDate "2011.10.18"]
[EventType "swiss"]
[EventRounds "9"]
[EventCountry "USA"]
[SourceTitle "EXT 2016"]
[Source "ChessBase"]
[SourceDate "2015.10.08"]
[SourceVersion "1"]
[SourceVersionDate "2015.10.08"]
[SourceQuality "1"]

1. e4 e5 2. Nf3 Nc6 3. Bb5 a6 4. Ba4 Nf6 5. 0-0 b5 6. Bb3 Bc5 7. d3 d6 8. c3 0-0 9. Be3 Bg4 10. Nbd2 Qe7 11. Bd5 Nxd5 12. exd5 Bxe3 13. fxe3 Nb8 14. a4 Nd7 15. axb5 axb5 16. b4 f5 17. Qb3 Qf6 18. Ra5 Nc5 19. Qb1 Rxa5 20. bxa5 Qh6 21. Re1 e4 22. dxe4 fxe4 23. Nd4 Nd3 24. Nxb5 Nxe1 25. Qxe1 Bd7 26. Nd4 Ra8 27. N2b3 Ba4 28. c4 Bxb3 29. Nxb3 Rb8 30. Nd4 Rb2 31. Ne6 Ra2 32. h3 Qf6 33. Qg3 c5 34. Qg4 Rxa5 35. Qxe4 Ra1+ 36. Kh2 Qf1 37. Ng5 g6 38. Qe6+ Kg7 39. Qe7+ Kh6 40. Nf7+ Kg7 41. Nxd6+ Kg8 42. Qe6+ Kg7 43. Qe5+ Kg8 44. Qe8+ Kg7 45. Qe5+ Kg8 46. Qf4 Qxf4+ 47. exf4 Rc1 48. Kg3 Kf8 49. Kf3 Ke7 50. Nc8+ Kd7 51. Nb6+ Kc7 52. Na4 Rxc4 53. Nb2 Rd4 54. Ke3 Kd6 55. Nd3 Kxd5 56. g4 Ra4 57. h4 Ra3 58. Ke2 c4 59. Ne5 Kd4 0-1

[Event "US Open-112"]
[Site "Orlando"]
[Date "2011.08.03"]
[Round "2"]
[White "Karas, Nicholas"]
[Black "Vilenchuk, Michael"]
[Result "0-1"]
[WhiteElo "2142"]
[BlackElo "2183"]
[PlyCount "58"]
[EventDate "2011.07.30"]
[EventType "swiss"]
[EventRounds "9"]
[EventCountry "USA"]
[SourceTitle "CBM 143 Extra"]
[Source "ChessBase"]
[SourceDate "2011.08.29"]
[SourceVersion "1"]
[SourceVersionDate "2011.08.29"]
[SourceQuality "1"]

1. e4 c5 2. Nf3 d6 3. d4 cxd4 4. Nxd4 Nf6 5. Nc3 g6 6. Bg5 Bg7 7. Bb5+ Bd7 8. Qe2 0-0 9. 0-0-0 Bxb5 10. Ndxb5 Qa5 11. f4 Nc6 12. h4 Nh5 13. Rh3 a6 14. Na3 Nd4 15. Qf2 Nb5 16. Ncxb5 axb5 17. Rd5 f6 18. Rxb5 Qa4 19. g4 fxg5 20. gxh5 Rxf4 21. Qg2 Raf8 22. Rh1 Rf2 23. Qh3 Qxe4 24. Rd1 R2f3 25. Qg2 gxh4 26. hxg6 hxg6 27. Kb1 h3 28. Qh1 Qe2 29. Rbd5 Rf1 0-1

[Event "North American op 20th"]
[Site "Las Vegas"]
[Date "2010.12.29"]
[Round "7"]
[White "Brownscombe, Thomas"]
[Black "Karas, Nicholas"]
[Result "1/2-1/2"]
[WhiteElo "2168"]
[BlackElo "2128"]
[PlyCount "135"]
[EventDate "2010.12.26"]
[EventType "swiss"]
[EventRounds "7"]
[EventCountry "USA"]
[SourceTitle "CBM 140 Extra"]
[Source "ChessBase"]
[SourceDate "2011.03.01"]
[SourceVersion "1"]
[SourceVersionDate "2011.03.01"]
[SourceQuality "1"]

1. e4 c5 2. Nf3 d6 3. d4 cxd4 4. Nxd4 Nf6 5. Nc3 a6 6. a4 e5 7. Nf3 Be7 8. Bc4 0-0 9. h3 Qc7 10. Ba2 Nbd7 11. 0-0 b6 12. Nd5 Nxd5 13. Bxd5 Bb7 14. c4 Rac8 15. b3 Nf6 16. Qe2 Nxd5 17. cxd5 Qc2 18. Qxc2 Rxc2 19. Be3 f5 20. Rfc1 Rfc8 21. Rxc2 Rxc2 22. exf5 Bxd5 23. Ne1 Rc3 24. b4 Rb3 25. Bxb6 Rxb4 26. a5 Kf7 27. Nc2 Rb3 28. Ne3 Be4 29. Rc1 Rb1 30. Rxb1 Bxb1 31. Nd5 Bxf5 32. Nxe7 Kxe7 33. Kf1 Bd3+ 34. Ke1 d5 35. h4 Ke6 36. g3 Kf5 37. Bc5 Bb1 38. Bf8 g6 39. Bd6 Ke6 40. Bc7 d4 41. Bb8 Kd5 42. Bc7 e4 43. Bb6 Kc4 44. Kd2 Bd3 45. Ba7 Bf1 46. Bb6 Kd5 47. Ba7 Ke5 48. Bb6 Bc4 49. Ba7 Bb5 50. Bb6 Kd5 51. Ba7 Kc4 52. Bb6 Kb4 53. Bxd4 Kxa5 54. Kc3 Be2 55. Kb3 Kb5 56. Ka3 Kc4 57. Be3 Kc3 58. Ka4 Kc2 59. Ka5 Kd1 60. Bb6 Ke1 61. Be3 h6 62. Bb6 Kf1 63. Be3 Kg2 64. Bb6 g5 65. hxg5 hxg5 66. Be3 Kf3 67. Bb6 e3 68. Bxe3 1/2-1/2

[Event "US Open-111"]
[Site "Irvine"]
[Date "2010.08.04"]
[Round "?"]
[White "Thaler, Michael"]
[Black "Karas, Nicholas"]
[Result "1/2-1/2"]
[WhiteElo "2253"]
[BlackElo "2034"]
[PlyCount "82"]
[EventDate "2010.07.31"]
[EventType "swiss"]
[EventRounds "9"]
[EventCountry "USA"]
[SourceTitle "CBM 137 Extra"]
[Source "ChessBase"]
[SourceDate "2010.09.01"]
[SourceVersion "1"]
[SourceVersionDate "2010.09.01"]
[SourceQuality "1"]

1. e4 c5 2. Nf3 d6 3. c3 Nf6 4. Be2 g6 5. 0-0 Bg7 6. Bb5+ Bd7 7. Bxd7+ Nbxd7 8. Re1 0-0 9. d4 cxd4 10. cxd4 Qa5 11. Nc3 Rfc8 12. Bd2 Qh5 13. Qb3 e5 14. Ng5 Rf8 15. Ne2 Nb6 16. dxe5 dxe5 17. Ng3 Qg4 18. h3 Qd7 19. Red1 Qa4 20. Qxa4 Nxa4 21. Bb4 Rfe8 22. b3 a5 23. Ba3 Nc3 24. Rd3 Nb5 25. Bb2 Nd4 26. Rad1 Nd7 27. Ba3 Rec8 28. Nf3 Rc2 29. R3d2 Rac8 30. Nxd4 exd4 31. Bb2 Rxd2 32. Rxd2 Nf8 33. Bxd4 Rc1+ 34. Kh2 Bxd4 35. Rxd4 Rc2 36. Ra4 Rxf2 37. Rxa5 Ne6 38. Kg1 Rb2 39. Nh1 Nf4 40. Nf2 Ne2+ 41. Kh2 Nc3 1/2-1/2